Portuguese presence in India : (Record no. 51549)

MARC details
000 -LEADER
fixed length control field 00644nam a2200229Ia 4500
005 - DATE AND TIME OF LATEST TRANSACTION
control field 20260429111937.0
008 - FIXED-LENGTH DATA ELEMENTS--GENERAL INFORMATION
fixed length control field 260429s9999||||xx |||||||||||||| ||und||
020 ## - INTERNATIONAL STANDARD BOOK NUMBER
International Standard Book Number 9789390729586
041 ## - LANGUAGE CODE
Language English
082 ## - DEWEY DECIMAL CLASSIFICATION NUMBER
Classification number 954.83
Item number MAT
100 ## - MAIN ENTRY--PERSONAL NAME
Personal name Mathew, K.S.
245 #0 - TITLE STATEMENT
Title Portuguese presence in India :
Remainder of title Malabar and Goa /
Statement of responsibility, etc K.S. Mathew
250 ## - EDITION STATEMENT
Edition statement 1st ed.
260 ## - PUBLICATION, DISTRIBUTION, ETC. (IMPRINT)
Place of publication, distribution, etc New Delhi :
Name of publisher, distributor, etc Manohar Publishers and Distributors,
Date of publication, distribution, etc 2024.
300 ## - PHYSICAL DESCRIPTION
Extent 562 p.; hb
650 ## - SUBJECT ADDED ENTRY--TOPICAL TERM
Topical term or geographic name as entry element Colonial studies
650 ## - SUBJECT ADDED ENTRY--TOPICAL TERM
Topical term or geographic name as entry element Goa-History
650 ## - SUBJECT ADDED ENTRY--TOPICAL TERM
Topical term or geographic name as entry element Malabar-History
650 ## - SUBJECT ADDED ENTRY--TOPICAL TERM
Topical term or geographic name as entry element Portuguese India
700 ## - ADDED ENTRY--PERSONAL NAME
Personal name Mukherjee, Poulami Aich
942 ## - ADDED ENTRY ELEMENTS (KOHA)
Koha item type Text Books
Holdings
Withdrawn status Lost status Damaged status Not for loan Collection code Home library Location Shelving location Date of Cataloging Source of acquisition Total Checkouts Full call number Barcode Date last seen Price effective from Koha item type
        Non-fiction CUTN Central Library CUTN Central Library History & Geography 29/04/2026 T R Publications, Chennai - Invoice No. TRPHO/2025/CRB/185 on 09-02-2026   954.83 MAT 56574 29/04/2026 29/04/2026 Text Books